Joan edukira

Правила пожарной безопасности при производстве строительно-монтажных работ на объектах Минэнерго СССР

В Правилах изложены основные организационные и технические требования пожарной безопасности при выполнении строительно-монтажных работ на объектах строительства Минэнерго СССР....

Deskribapen osoa

Gorde:
Xehetasun bibliografikoak
Formatua: Книга
Gaiak:
Sarrera elektronikoa:Перейти к просмотру издания
Etiketak: Etiketa erantsi
Etiketarik gabe, Izan zaitez lehena erregistro honi etiketa jartzen!
LEADER 01900nam0a2200325 4500
001 RU/IPR SMART/22721
856 4 |u https://www.iprbookshop.ru/22721.html  |z Перейти к просмотру издания 
801 1 |a RU  |b IPR SMART  |c 20250903  |g RCR 
010 |a 978-5-98908-107-3 
205 |a Правила пожарной безопасности при производстве строительно-монтажных работ на объектах Минэнерго СССР  |b 2027-04-01 
333 |a Гарантированный срок размещения в ЭБС до 01.04.2027 (автопролонгация) 
100 |a 20250903d2013 k y0rusy01020304ca 
105 |a y j 000zy 
101 0 |a rus 
102 |a RU 
200 1 |a Правила пожарной безопасности при производстве строительно-монтажных работ на объектах Минэнерго СССР 
330 |a В Правилах изложены основные организационные и технические требования пожарной безопасности при выполнении строительно-монтажных работ на объектах строительства Минэнерго СССР. 
210 |a Москва  |c Издательский дом ЭНЕРГИЯ  |d 2013 
610 1 |a пожарная безопасность 
610 1 |a строительно-монтажная работа 
610 1 |a наладочная работа 
675 |a 621 
686 |a 31  |2 rubbk 
300 |a Книга находится в премиум-версии IPR SMART. 
106 |a s 
230 |a Электрон. дан. (1 файл) 
336 |a Текст 
337 |a электронный 
503 0 |a Доступна эл. версия. IPR SMART 
215 |a 104 с. 
Cannot write session to /tmp/vufind_sessions/sess_07r8tn49mtvervt4brnrdk8u97